000 00325nam a2200133Ia 4500
003 GCL
008 140319s9999 xx 000 0 ara d
040 _aGCL /
_cGCL
082 0 4 _a327.2
_bم د
245 1 0 _aالدبلوماسية
260 _a[S.N] :
_bالمكتب المصرى الحديث
300 _a222 ص
490 _a
999 _c34864
_d34864